Implementing projects : a manager's guide

Bibliographic Details
Main Author: Young, Trevor L
Format: Book
Published: P.Jaya : Pelanduk Publications , 1994
Subjects:

MARC

LEADER 00000cam a2200000 7i4500
001 0000006279
002 000006778
005 20000330.0
020 |a 9679784789 
090 0 0 |a 658.404   |b YOU 
100 1 |a Young, Trevor L 
245 1 0 |a Implementing projects :   |b a manager's guide   |c TrevorL.Young 
260 |a P.Jaya :   |b Pelanduk Publications ,   |c 1994 
300 |a 145p. ;   |c 21cm. 
650 0 0 |a Industrial project management 
999 |a 039067   |b BUKU   |c PINJAMAN   |e PERPUSTAKAAN KOMUNITI PETALING JAYA 
999 |a 042603   |b BUKU   |c PINJAMAN   |e PERPUSTAKAAN KOMUNITI PETALING JAYA